Primers resultats de conjunt de les observacions fenològiques a Catalunya / per Eduard Fontserè ; amb la col·laboració de Maria Campmany
Descripción Física:
39 p. ; 23 cm
Colección:
Notes d'estudi ; 63
MARC
| LEADER | 00000nam a2200000Ia 4500 | ||
|---|---|---|---|
| 001 | 20359 | ||
| 008 | 160829s1936 xx 000 0 cat d | ||
| 080 | |a 4614, exp. 13 | ||
| 100 | |a Fontserè, Eduard |9 29053 | ||
| 245 | |a Primers resultats de conjunt de les observacions fenològiques a Catalunya / per Eduard Fontserè ; amb la col·laboració de Maria Campmany | ||
| 260 | |a Barcelona : |b Generalitat de Catalunya : |b Servei Meteorològic de Catalunya, |c 1936 | ||
| 300 | |a 39 p. ; |c 23 cm | ||
| 490 | |a Notes d'estudi ; 63 | ||
| 650 | |a Fenologia |x Observacions |9 48421 | ||
| 650 | |a Fongs |x Catalunya |9 48422 | ||
| 700 | |a Servei Meteorològic de Catalunya |9 35488 | ||
| 700 | |a Campmany, Maria |9 44639 | ||
| 710 | 1 | |a Catalunya. |b Generalitat |9 12125 | |
| 901 | |a Arxiu | ||
| 942 | |n 1 | ||
| 952 | |0 0 |1 0 |4 0 |6 4614_EXP_13 |7 1 |9 54534 |a Arxiu |b Arxiu |d 2016-12-01 |l 0 |o 4614, exp. 13 |p 20359 |r 2016-12-01 00:00:00 |w 2016-12-01 |y ARXIU | ||
| 999 | |c 58403 |d 58403 | ||